00824nam a2200193 a 450000100100000000500170001000800410002704000250006808200230009310000280011624500650014426000550020930000360026449000980030050000630039850400300046165000430049183000960053400001072620200929162300.0091009s1976 dr ac 000 0 spa d aDO-SdBNPbspacBNPHU a618.9209752bM539d1 aMendoza, Hugo R.d1930-13aLa cara en el diagnóstico pediátrico /cHugo R. Mendoza. aSanto Domingo :bUASD; Cultural Dominicana,c1976. a128 p. :bil., retrs. ;c25 cm.1 aPublicaciones de la Universidad Autónoma de Santo Domingov198.aCiencia y tecnologíav3. aIncluye datos biográficos del autor en la contracubierta aBibliografía: p. 20 -25 4aEnfermedades en niñosxDiagnóstico 0aPublicaciones de la Universidad Autónoma de Santo Domingov198pCiencia y tecnologían3